00428nam a2200145 a 450000100060000000300090000600800410001504000280005608200130008410000300009724500620012726000480018930000100023765000350024712958CO-ViMGA141112s2004 ck r 000 u spa d aCO-ViMGAbspacCO-ViMGA04a581 D41b1 aDiaz, Piedrahita Santiago10aLa Botanica en Colombia, Hechos notables en su Desarrollo aSantafé de Bogotá : bGuadalupe, c1991 a125p.14aBOTANICA - HISTORIA - COLOMBIA